000 00778nam a2200217Ia 4500
003 CO-CtgCURN
005 20250407222221.0
008 190722s9999 xx 000 0 und d
020 _a9586903869
040 _aCO-CtgCURN
_bspa
_ccoctgcurn
082 _a342.861
_bM765i
100 _aMontano de Cardona, Julia Victoria
245 0 _aInstituciones procesales desde el constitucionalismo /
_cJulia Victoria Montano de Cardona
260 _aBogotá, Colombia :
_bLeyer,
_c2002
300 _a159 páginas ;
_c23 centímetros
521 _aAREA PROFESIONAL
590 _aPrograma de Derecho_18
650 _aDerecho constitucional y administrativo
942 _cBK
_h342.861
_iM765i
_2ddc
_n0
999 _c28529
_d28529